[Event "GER HS-222 email"]
[Site "GER email"]
[Date "2017.04.06"]
[Round "?"]
[White "Bloesl, Sven"]
[Black "Buhlmann, Werner"]
[Result "1-0"]
[WhiteElo "2005"]
[BlackElo "1816"]
[PlyCount "121"]
[EventDate "2017.04.11"]
[EventType "tourn (corr)"]
[EventRounds "6"]
[EventCountry "GER"]
[SourceTitle "Corr 2020"]
[Source "ChessBase"]
[SourceDate "2019.09.30"]
[SourceVersion "1"]
[SourceVersionDate "2019.09.30"]
[SourceQuality "1"]

1. e4 e5 2. Nf3 Nc6 3. Bb5 Nf6 4. 0-0 Nxe4 5. d4 Nd6 6. Bxc6 dxc6 7. dxe5 Nf5 8. Qxd8+ Kxd8 9. Rd1+ Ke8 10. Nc3 Be6 11. Ng5 Bc8 12. Nge4 Be6 13. b3 Rd8 14. Rxd8+ Kxd8 15. Ng5 Nd4 16. Nxe6+ fxe6 17. Bg5+ Kc8 18. Rd1 Bb4 19. Rxd4 Bxc3 20. Re4 c5 21. Kf1 h6 22. Be3 b6 23. Ke2 Rd8 24. h3 a6 25. f3 Rd5 26. f4 Kb7 27. g4 b5 28. h4 Kc6 29. Bc1 Rd7 30. Re3 Bd4 31. Rd3 b4 32. Kf3 Kd5 33. h5 Rd8 34. Bb2 a5 35. a4 Rf8 36. Bc1 Rf7 37. Bd2 Rf8 38. Be1 Rb8 39. Bh4 Re8 40. Rd2 Rf8 41. Bg3 Rf7 42. Bh2 Rf8 43. Re2 Bc3 44. Bg3 c4 45. bxc4+ Kxc4 46. Ke4 Rd8 47. f5 Rd4+ 48. Kf3 Rd8 49. Bf4 Kd5 50. f6 gxf6 51. Bxh6 fxe5 52. Kg3 e4 53. Bc1 Be5+ 54. Bf4 c5 55. h6 c4 56. g5 Bd4 57. Be3 Bc3 58. Bc1 Rf8 59. Rg2 e3 60. Bxe3 Rc8 61. Kg4 1-0

[Event "GER HS-222 email"]
[Site "GER email"]
[Date "2017.04.06"]
[Round "?"]
[White "Bloesl, Sven"]
[Black "Friedrich, Gerhard"]
[Result "1-0"]
[WhiteElo "2005"]
[BlackElo "1856"]
[PlyCount "95"]
[EventDate "2017.04.11"]
[EventType "tourn (corr)"]
[EventRounds "6"]
[EventCountry "GER"]
[SourceTitle "Corr 2020"]
[Source "ChessBase"]
[SourceDate "2019.09.30"]
[SourceVersion "1"]
[SourceVersionDate "2019.09.30"]
[SourceQuality "1"]

1. e4 e6 2. d4 d5 3. Nc3 Bb4 4. e5 Ne7 5. a3 Bxc3+ 6. bxc3 c5 7. Qg4 0-0 8. Bd3 c4 9. Bh6 Ng6 10. Bxg6 fxg6 11. Be3 Rf5 12. h4 Nc6 13. Ne2 Bd7 14. Ng3 h5 15. Qh3 Qa5 16. Kd2 Rf7 17. Ne2 Raf8 18. Rhg1 Qd8 19. g4 Rf3 20. Qh1 Ne7 21. gxh5 gxh5 22. Qg2 R8f7 23. Bf4 R3xf4 24. Nxf4 Qf8 25. Nh3 Be8 26. Ke2 Rf5 27. Ng5 Bf7 28. Qg3 Ng6 29. f4 Be8 30. Nxe6 Qe7 31. Qxg6 Bxg6 32. Rxg6 Rf7 33. Rag1 Qxh4 34. Nxg7 Kf8 35. Ne6+ Ke8 36. Rg8+ Kd7 37. R1g6 Qh2+ 38. Kd1 Kc6 39. Kc1 Kb5 40. Rb8 Qh3 41. Kb2 Qf5 42. Rh6 Re7 43. Nc5 Qf7 44. f5 Rc7 45. e6 Qg7 46. Rbh8 Qg5 47. f6 Ka5 48. Nd7 1-0

[Event "GER HS-211 email"]
[Site "GER email"]
[Date "2016.10.04"]
[Round "?"]
[White "Bloesl, Sven"]
[Black "Schieweck, Gert"]
[Result "0-1"]
[WhiteElo "2033"]
[BlackElo "1756"]
[PlyCount "38"]
[EventDate "2016.10.10"]
[EventType "tourn (corr)"]
[EventRounds "6"]
[EventCountry "GER"]
[SourceTitle "Corr 2020"]
[Source "ChessBase"]
[SourceDate "2019.09.30"]
[SourceVersion "1"]
[SourceVersionDate "2019.09.30"]
[SourceQuality "1"]

1. e4 c5 2. Nf3 d6 3. d4 cxd4 4. Nxd4 Nf6 5. Nc3 Nc6 6. Bg5 e5 7. Bxf6 Qxf6 8. Ndb5 Rb8 9. Nc7+ Kd8 10. N7d5 Qg6 11. Qd2 Be7 12. f4 exf4 13. Nxf4 Qg5 14. 0-0-0 Bg4 15. Be2 Bxe2 16. Qxe2 Qxf4+ 17. Kb1 Bf6 18. Nb5 Ke7 19. c3 Rhd8 0-1

[Event "GER HS-211 email"]
[Site "GER email"]
[Date "2016.10.04"]
[Round "?"]
[White "Krueger, Thorsten"]
[Black "Bloesl, Sven"]
[Result "0-1"]
[WhiteElo "1901"]
[BlackElo "2033"]
[PlyCount "86"]
[EventDate "2016.10.10"]
[EventType "tourn (corr)"]
[EventRounds "6"]
[EventCountry "GER"]
[SourceTitle "Corr 2020"]
[Source "ChessBase"]
[SourceDate "2019.09.30"]
[SourceVersion "1"]
[SourceVersionDate "2019.09.30"]
[SourceQuality "1"]

1. b3 e5 2. Bb2 Nc6 3. e3 Nf6 4. c4 d5 5. cxd5 Nxd5 6. a3 Bd6 7. d3 0-0 8. Nf3 Qf6 9. Nbd2 Qg6 10. Rc1 Rd8 11. b4 f6 12. g3 Qe8 13. Bg2 a5 14. b5 Na7 15. a4 Bb4 16. 0-0 c6 17. bxc6 Nxc6 18. Nc4 Bg4 19. e4 Nde7 20. Qe2 Rab8 21. Nb6 Qf7 22. Rfd1 Bh5 23. Qc2 Qe6 24. h3 Na7 25. Qc4 Qxc4 26. dxc4 Rxd1+ 27. Rxd1 Nac6 28. Nd5 Nxd5 29. exd5 Nd8 30. g4 Bg6 31. Rc1 b6 32. Nh4 Be8 33. Ra1 Rc8 34. Bf1 Nb7 35. Bd3 Nd6 36. Nf5 Nxc4 37. Rc1 g6 38. Nh6+ Kg7 39. g5 Nd6 40. Rxc8 Nxc8 41. Bc2 f5 42. Bxe5+ Kf8 43. Bd4 Bc5 0-1

[Event "GER HS-202 email"]
[Site "GER email"]
[Date "2016.04.21"]
[Round "?"]
[White "Nepsen, Roland"]
[Black "Bloesl, Sven"]
[Result "1/2-1/2"]
[WhiteElo "1885"]
[BlackElo "2033"]
[PlyCount "91"]
[EventDate "2016.04.27"]
[EventType "tourn (corr)"]
[EventRounds "6"]
[EventCountry "GER"]
[SourceTitle "Corr 2020"]
[Source "ChessBase"]
[SourceDate "2019.09.30"]
[SourceVersion "1"]
[SourceVersionDate "2019.09.30"]
[SourceQuality "1"]

1. c4 Nf6 2. g3 g6 3. Bg2 Bg7 4. Nc3 0-0 5. d4 d6 6. Nf3 Nc6 7. 0-0 a6 8. h3 Rb8 9. Be3 b5 10. Nd2 Bd7 11. Rc1 e6 12. cxb5 axb5 13. Nde4 Nxe4 14. Nxe4 Ne7 15. f4 b4 16. Bf2 Ra8 17. Ra1 Bc6 18. Qd3 Ra5 19. Nd2 Bxg2 20. Kxg2 Qa8+ 21. e4 Rxa2 22. Rxa2 Qxa2 23. Rc1 Rc8 24. Qb3 Qa5 25. Rc4 Rb8 26. Rc1 Qa7 27. Qd3 Qb7 28. g4 Ra8 29. Qf3 h6 30. Kh2 c5 31. dxc5 dxc5 32. Rc2 g5 33. f5 exf5 34. gxf5 Nc6 35. f6 Bf8 36. Nc4 Qb8+ 37. e5 Nxe5 38. Nxe5 Qxe5+ 39. Bg3 Qe8 40. h4 Ra6 41. hxg5 Qc6 42. Qg4 Qe6 43. Qh4 Qf5 44. Rg2 hxg5 45. Bf4 Bg7 46. Bxg5 1/2-1/2